[Event "ARG-ch sf 98th"]
[Site "Buenos Aires"]
[Date "2023.05.06"]
[Round "8"]
[White "Asad, Jonathan"]
[Black "Rojas, Patricio Santiago"]
[Result "1-0"]
[WhiteElo "1844"]
[BlackElo "1649"]
[PlyCount "84"]
[EventDate "2023.04.29"]
[EventType "swiss"]
[EventRounds "9"]
[EventCountry "ARG"]
[SourceTitle "CBM 214 Extra"]
[Source "ChessBase"]
[SourceDate "2023.07.31"]
[SourceVersion "1"]
[SourceVersionDate "2023.07.31"]
[SourceQuality "1"]

1. e4 e5 2. Nf3 Nc6 3. Bb5 d6 4. h3 Nf6 5. d3 Be7 6. Bd2 0-0 7. 0-0 h6 8. a3 Be6 9. Ba4 Nh7 10. Nc3 Ng5 11. Nxg5 Bxg5 12. Nd5 Bxd2 13. Qxd2 f5 14. c3 f4 15. Bd1 Ne7 16. Nxe7+ Qxe7 17. Bf3 g5 18. Qe2 Kh7 19. Bg4 Rf6 20. d4 Raf8 21. Kh2 Bxg4 22. Qxg4 f3 23. g3 Kg6 24. h4 R6f7 25. Rh1 h5 26. Qxg5+ Qxg5 27. hxg5 Kxg5 28. Kg1 Re7 29. d5 c6 30. c4 cxd5 31. cxd5 Rc7 32. Re1 Rc2 33. b4 Rfc8 34. Re3 R8c3 35. a4 Rxe3 36. fxe3 Kg4 37. Rh2 Rxh2 38. Kxh2 f2 39. Kg2 f1Q+ 40. Kxf1 Kxg3 41. b5 h4 42. a5 Kf3 1-0

[Event "ARG-ch sf 98th"]
[Site "Buenos Aires"]
[Date "2023.05.02"]
[Round "4"]
[White "Rojas, Patricio Santiago"]
[Black "Beredjiklian, Mariano"]
[Result "1/2-1/2"]
[WhiteElo "1649"]
[BlackElo "1911"]
[PlyCount "169"]
[EventDate "2023.04.29"]
[EventType "swiss"]
[EventRounds "9"]
[EventCountry "ARG"]
[SourceTitle "CBM 214 Extra"]
[Source "ChessBase"]
[SourceDate "2023.07.31"]
[SourceVersion "1"]
[SourceVersionDate "2023.07.31"]
[SourceQuality "1"]

1. d4 e6 2. Bf4 d5 3. e3 Nf6 4. Bd3 Bd6 5. Nd2 c5 6. c3 0-0 7. Bxd6 Qxd6 8. f4 cxd4 9. cxd4 b6 10. Ngf3 Bb7 11. Qb1 Ba6 12. 0-0 Bxd3 13. Qxd3 Nc6 14. a3 Rfc8 15. Ne5 Nd7 16. Rf3 Nf8 17. Rg3 f6 18. Ng4 Kh8 19. Nf3 Rc7 20. Nf2 Rd8 21. Rf1 Ne7 22. Nd1 Qc6 23. Nc3 Qc4 24. Qc2 Nf5 25. Nd2 Qc6 26. Rh3 Nd6 27. g4 Nb5 28. Ndb1 a5 29. a4 Nd6 30. Na3 Ne4 31. Nab5 Rcd7 32. Rc1 Rc8 33. Rf3 Qb7 34. Qd3 Rc4 35. Rff1 Qc8 36. Rc2 Nxc3 37. Rxc3 Rxc3 38. Qxc3 Qxc3 39. bxc3 Ng6 40. Rc1 Ne7 41. c4 dxc4 42. Rxc4 Kg8 43. e4 Kf7 44. Kf2 g6 45. e5 f5 46. Nd6+ Kf8 47. g5 Nd5 48. Rc8+ Kg7 49. Kf3 Nb4 50. Ke3 Nd5+ 51. Kf3 Nb4 52. Rc4 Kf8 53. Nc8 Rb7 54. Nd6 Rd7 55. Nb5 Ke7 56. Nc7 Kf7 57. Ke3 Ke7 58. Nb5 Nd5+ 59. Kf3 Nb4 60. Nd6 Nd5 61. Rc6 Kf8 62. Nc4 Ke7 63. h3 Kf7 64. Nd6+ Ke7 65. h4 Kf8 66. Rc8+ Kg7 67. Re8 Re7 68. Rc8 h5 69. gxh6+ Kxh6 70. Rc6 Kg7 71. Nc4 Kf7 72. Nxb6 Nxb6 73. Rxb6 Rd7 74. Ke3 Rc7 75. Kd3 Rc1 76. Rb7+ Kf8 77. Rb5 Rf1 78. Ke3 Re1+ 79. Kf2 Re4 80. Kf3 Rxd4 81. Rxa5 Rd3+ 82. Kg2 Rd4 83. Kf3 Rd3+ 84. Kg2 Rd4 85. Kf3 1/2-1/2

[Event "South America-ch U12 16th"]
[Site "Buenos Aires"]
[Date "2019.12.04"]
[Round "5.4"]
[White "Milano, Ivan"]
[Black "Rojas, Patricio Santiago"]
[Result "1-0"]
[WhiteElo "1627"]
[BlackElo "1463"]
[PlyCount "91"]
[EventDate "2019.12.01"]
[EventType "swiss"]
[EventRounds "9"]
[EventCountry "ARG"]
[SourceTitle "EXT 2024"]
[Source "ChessBase"]
[SourceDate "2023.10.10"]
[SourceVersion "1"]
[SourceVersionDate "2023.10.10"]
[SourceQuality "1"]

1. Nf3 d5 2. g3 Nf6 3. Bg2 e6 4. 0-0 Be7 5. d3 0-0 6. Nbd2 b6 7. e4 Bb7 8. e5 Ne8 9. Re1 Nd7 10. Nf1 h6 11. h4 c5 12. N1h2 Nc7 13. c3 d4 14. c4 b5 15. b3 a5 16. Nd2 Bxg2 17. Kxg2 f6 18. exf6 Nxf6 19. Ng4 Kh8 20. Ne5 Qe8 21. Ne4 Nxe4 22. Rxe4 Bd6 23. Bf4 Ra6 24. Qg4 Rf6 25. h5 a4 26. Rd1 Kh7 27. Ng6 Bxf4 28. Rxf4 Qf7 29. Ne5 Rxf4 30. Qg6+ Qxg6 31. hxg6+ Kg8 32. gxf4 axb3 33. axb3 Ra3 34. Nd7 Rxb3 35. Nxc5 Rc3 36. Ne4 Rb3 37. cxb5 Nxb5 38. Nc5 Ra3 39. Nxe6 Nc3 40. Rc1 Ra4 41. f5 h5 42. Kh3 h4 43. Kxh4 Ra5 44. Kg4 Ra4 45. Kg5 Rb4 46. Nxd4 1-0

[Event "South America-ch U12 16th"]
[Site "Buenos Aires"]
[Date "2019.12.02"]
[Round "2.7"]
[White "De Lima, Enzo Magalhaes"]
[Black "Rojas, Patricio Santiago"]
[Result "0-1"]
[WhiteElo "1763"]
[BlackElo "1463"]
[PlyCount "70"]
[EventDate "2019.12.01"]
[EventType "swiss"]
[EventRounds "9"]
[EventCountry "ARG"]
[SourceTitle "EXT 2024"]
[Source "ChessBase"]
[SourceDate "2023.10.10"]
[SourceVersion "1"]
[SourceVersionDate "2023.10.10"]
[SourceQuality "1"]

1. d4 d5 2. c4 e6 3. Nc3 Nf6 4. cxd5 exd5 5. Bg5 Nbd7 6. e3 Be7 7. Qc2 0-0 8. Bd3 Re8 9. Nf3 b6 10. 0-0 Bb7 11. Rac1 c5 12. dxc5 Nxc5 13. Rfd1 Nxd3 14. Qxd3 Rc8 15. b3 Qd7 16. Bxf6 Bxf6 17. Nxd5 Bxd5 18. Rxc8 Rxc8 19. e4 Be6 20. g3 Qxd3 21. Rxd3 Bh3 22. Rd1 Bg4 23. Rd3 Rc3 24. Rxc3 Bxc3 25. Nh4 g5 26. Ng2 Bf3 27. Ne3 Bxe4 28. Nc4 Kf8 29. Nd6 Bb1 30. a3 Ba2 31. b4 Bb2 32. a4 a5 33. bxa5 bxa5 34. Nb7 Bc3 35. Nd8 Bd5 0-1

[Event "ARG-ch U12"]
[Site "Buenos Aires"]
[Date "2019.03.04"]
[Round "7.3"]
[White "Fuentes, Agustin"]
[Black "Rojas, Patricio Santiago"]
[Result "1/2-1/2"]
[WhiteElo "1463"]
[BlackElo "1406"]
[PlyCount "110"]
[EventDate "2019.03.01"]
[EventType "swiss"]
[EventRounds "9"]
[EventCountry "ARG"]
[SourceTitle "EXT 2024"]
[Source "ChessBase"]
[SourceDate "2023.10.10"]
[SourceVersion "1"]
[SourceVersionDate "2023.10.10"]
[SourceQuality "1"]

1. e4 c5 2. Nf3 e6 3. d4 cxd4 4. Nxd4 a6 5. Bd3 Qc7 6. Qe2 d6 7. c4 Nf6 8. Nc3 b6 9. Bd2 Bb7 10. h3 Nbd7 11. Nb3 Be7 12. 0-0 Rc8 13. Rac1 Qb8 14. f4 h5 15. f5 e5 16. Nd5 Nxd5 17. cxd5 Rxc1 18. Rxc1 Qa8 19. Be3 Bd8 20. Qe1 Nc5 21. Nxc5 bxc5 22. Qg3 Bf6 23. Bg5 Qd8 24. Bxf6 Qxf6 25. Be2 Qh6 26. Rc3 Kd7 27. Rb3 Bc8 28. Qc3 Qg5 29. Rb6 Qd8 30. Qb3 Qc7 31. Bxa6 Bxa6 32. Qa4+ Ke7 33. Qxa6 Rb8 34. Rxb8 Qxb8 35. Qe2 Qb4 36. g4 Qa4 37. b3 Qd4+ 38. Kg2 hxg4 39. hxg4 Qb4 40. g5 Qc3 41. f6+ gxf6 42. gxf6+ Kd8 43. Kh2 Qc1 44. Qg4 Qd2+ 45. Kh3 Qe3+ 46. Kh2 Qd2+ 47. Kg1 Qe1+ 48. Kg2 Qd2+ 49. Kf1 Qd3+ 50. Qe2 Qh3+ 51. Qg2 Qd3+ 52. Kg1 Qd1+ 53. Kf2 Qd2+ 54. Kg1 Qd1+ 55. Kh2 Qh5+ 1/2-1/2

[Event "ARG-ch U12"]
[Site "Buenos Aires"]
[Date "2019.03.02"]
[Round "4.2"]
[White "Rojas, Patricio Santiago"]
[Black "Fiorito, Joaquin"]
[Result "0-1"]
[WhiteElo "1406"]
[BlackElo "1747"]
[PlyCount "96"]
[EventDate "2019.03.01"]
[EventType "swiss"]
[EventRounds "9"]
[EventCountry "ARG"]
[SourceTitle "EXT 2024"]
[Source "ChessBase"]
[SourceDate "2023.10.10"]
[SourceVersion "1"]
[SourceVersionDate "2023.10.10"]
[SourceQuality "1"]

1. d4 d5 2. Bf4 Nf6 3. e3 Bf5 4. Nc3 e6 5. f3 Nh5 6. Bg3 Nxg3 7. hxg3 Qg5 8. Kf2 c6 9. Nh3 Bxh3 10. Rxh3 Nd7 11. f4 Qg6 12. Bd3 f5 13. Qh5 Qxh5 14. Rxh5 g6 15. Rh3 0-0-0 16. Rah1 Nf6 17. Be2 h5 18. Bf3 a6 19. Ne2 c5 20. c3 Kb8 21. Nc1 Rc8 22. Nd3 Ng4+ 23. Bxg4 fxg4 24. R3h2 Bd6 25. Rf1 c4 26. Ne5 Bxe5 27. fxe5 Rhf8+ 28. Ke2 Rxf1 29. Kxf1 Rc6 30. Ke2 Rb6 31. b3 cxb3 32. axb3 Rxb3 33. Kd2 b5 34. Kc2 Ra3 35. Kb2 b4 36. cxb4 Rxe3 37. Kc2 Kb7 38. Rh1 Rxg3 39. Rf1 Rxg2+ 40. Kd3 Rg3+ 41. Ke2 Rf3 42. Rc1 h4 43. Rg1 Rf4 44. Ke3 g5 45. Rc1 h3 46. Rh1 Rf3+ 47. Ke2 Rb3 48. Rg1 g3 0-1

[Event "South America prel U08/12"]
[Site "Villa Giardino"]
[Date "2018.11.08"]
[Round "2.1"]
[White "Rojas, Patricio Santiago"]
[Black "Gaite, Karen Nerina1111"]
[Result "0-1"]
[WhiteElo "1506"]
[BlackElo "1035"]
[PlyCount "80"]
[EventDate "2018.11.08"]
[EventType "swiss"]
[EventRounds "6"]
[EventCountry "ARG"]
[SourceTitle "EXT 2024"]
[Source "ChessBase"]
[SourceDate "2023.10.10"]
[SourceVersion "1"]
[SourceVersionDate "2023.10.10"]
[SourceQuality "1"]

1. f4 Nf6 2. Nc3 Nc6 3. e4 e6 4. g3 b6 5. Bg2 Bb7 6. d3 Bb4 7. Be3 d5 8. e5 d4 9. Bxd4 Nxd4 10. Bxb7 Nd5 11. Bxd5 Qxd5 12. Qd2 Qxh1 13. 0-0-0 Qc6 14. a3 Bc5 15. Nge2 Nxe2+ 16. Nxe2 0-0-0 17. c3 Bd4 18. Kb1 Bc5 19. Qc2 Rd7 20. d4 Be7 21. Nc1 Kb7 22. h4 h6 23. Nd3 Ka8 24. Nc1 Qb7 25. Nd3 c5 26. dxc5 bxc5 27. Ka2 Qd5+ 28. b3 Rhd8 29. Nb2 Qb7 30. Nd3 Qe4 31. b4 cxb4 32. cxb4 Rxd3 33. Rxd3 Qxd3 34. Qc6+ Kb8 35. Kb2 Qe2+ 36. Kb3 Rd3+ 37. Ka4 Qd1+ 38. Kb5 Rd5+ 39. Ka6 Qd3+ 40. b5 Qxa3# 0-1

[Event "ARG-ch sf U1700 Ottonello Memorial"]
[Site "Monteros"]
[Date "2017.08.19"]
[Round "1.1"]
[White "Rojas, Patricio Santiago"]
[Black "Robles, Ignacio"]
[Result "0-1"]
[WhiteElo "1337"]
[BlackElo "1661"]
[PlyCount "72"]
[EventDate "2017.08.19"]
[EventType "swiss"]
[EventRounds "6"]
[EventCountry "ARG"]
[SourceTitle "EXT 2024"]
[Source "ChessBase"]
[SourceDate "2023.10.10"]
[SourceVersion "1"]
[SourceVersionDate "2023.10.10"]
[SourceQuality "1"]

1. d4 d5 2. Bf4 Nf6 3. e3 e6 4. Nf3 c5 5. c3 c4 6. Nbd2 Nh5 7. Bg3 Nxg3 8. hxg3 Nc6 9. Ne5 Nxe5 10. dxe5 Qc7 11. f4 Qb6 12. e4 Qxb2 13. Be2 Qxc3 14. 0-0 Qxg3 15. Rf3 Qh4 16. Rh3 Qxf4 17. exd5 exd5 18. Rf3 Bc5+ 19. Kf1 Qh4 20. Bxc4 dxc4 21. e6 Bxe6 22. Qa4+ Ke7 23. Re1 Rad8 24. Ke2 Rhe8 25. Qb5 Kf8 26. Qxc5+ Kg8 27. Re3 Qg4+ 28. Kf1 Rxd2 29. R1e2 Rd1+ 30. Re1 Red8 31. Qc7 R1d2 32. R1e2 h6 33. Qxb7 Rxe2 34. Rxe2 Rd1+ 35. Re1 Rd2 36. Rc1 Bd5 0-1

[Event "South American-ch U10"]
[Site "Santiago de Chile"]
[Date "2016.12.02"]
[Round "3.9"]
[White "Romero, Joaquin"]
[Black "Rojas, Patricio Santiago"]
[Result "1-0"]
[WhiteElo "1442"]
[BlackElo "1336"]
[PlyCount "55"]
[EventDate "2016.12.01"]
[EventType "swiss"]
[EventRounds "9"]
[EventCountry "CHI"]
[SourceTitle "EXT 2022"]
[Source "ChessBase"]
[SourceDate "2021.10.06"]
[SourceVersion "1"]
[SourceVersionDate "2021.10.06"]
[SourceQuality "1"]

1. e4 c5 2. Nf3 e6 3. b3 Nc6 4. Bb2 d6 5. d4 cxd4 6. Nxd4 Nf6 7. Nxc6 bxc6 8. e5 dxe5 9. Qxd8+ Kxd8 10. Bxe5 Ng4 11. Bc3 Rb8 12. Be2 Nh6 13. Nd2 Bb7 14. Bf3 Nf5 15. g3 Bc5 16. 0-0-0 Kc7 17. Ba5+ Bb6 18. Nc4 Rbd8 19. Be4 Nd4 20. Rd2 Bxa5 21. Nxa5 Ba6 22. Rhd1 Ne2+ 23. Kb2 Rxd2 24. Rxd2 Rc8 25. Nxc6 Kb6 26. c4 Rg8 27. Ne5 Bb7 28. Rd6+ 1-0